000 01216nam a2200229 a 4500
008 120416s1992 ||||||||||||||||| || u
020 _a0750628294
050 _aTD 365 Teb
100 _aTebbutt, T. H. Y
245 1 0 _aPrinciples of water quality control
250 _a4th ed.
260 _aOxford
_bPergamon Press
_c1992
300 _aix, 251p. : ill.
350 _a0.00
650 _aWATER QUALITY MANAGEMENT
650 _aWATER
995 _aBINDERY (DAMAGED)
_D0.00
_e724875
_FCBU-MAIN LIBRARY (Kitwe)
_H3
_I40.00
_jTD 365 Teb
_M3
_UDAMAGED
_y020594
_ZMain Library Open Access Collection
995 _aMAIN LIBRARY OPEN ACCESS
_D0.00
_e724876
_FCBU-MAIN LIBRARY (Kitwe)
_H4
_I40.00
_jTD 365 Teb
_M1
_UAVAILABLE
_y015720
_ZMain Library Open Access Collection
995 _aBINDERY (DAMAGED)
_D0.00
_e730708
_FCBU-MAIN LIBRARY (Kitwe)
_H2
_I40.00
_jTD 365 Teb
_M5
_UDAMAGED
_y027328
_ZMain Library Open Access Collection
995 _aBINDERY (DAMAGED)
_D0.00
_e724874
_FCBU-MAIN LIBRARY (Kitwe)
_H5
_I40.00
_jTD 365 Teb
_M2
_UDAMAGED
_y015721
_ZMain Library Open Access Collection
995 _aMAIN LIBRARY OPEN ACCESS
_D0.00
_e730709
_FCBU-MAIN LIBRARY (Kitwe)
_H1
_I40.00
_jTD 365 Teb
_M4
_UAVAILABLE
_y027327
_ZMain Library Open Access Collection
999 _c77365
_d77365